Southville International School and Colleges
Your cart is empty.
  • Cart
  • Lists
    Public lists Eva Luna New books Lux_list list_1
    Your lists Log in to create your own lists
  • Log in to your account
  • Your cookies
  • Search history
Southville International School and Colleges
  • Advanced search
  • Recent comments
  • Most popular
  • Libraries

Log in to your account

Log in with GOOGLE


If you do not have an external account, but do have a local account, you can still log in:

  1. Home
  2. MARC view: Ethics 101 : an exploration on the concept of right and wrong
Normal view MARC view ISBD view

Ethics 101 : an exploration on the concept of right and wrong (Record no. 365205)

[ view plain ]
MARC details
000 -LEADER
fixed length control field 00634nam a22002057a 4500
003 - CONTROL NUMBER IDENTIFIER
control field 0
005 - DATE AND TIME OF LATEST TRANSACTION
control field 20230824111254.0
008 - FIXED-LENGTH DATA ELEMENTS--GENERAL INFORMATION
fixed length control field 230824b xxu||||| |||| 00| 0 eng d
020 ## - INTERNATIONAL STANDARD BOOK NUMBER
International Standard Book Number 978-621-406-229-4
050 ## - LIBRARY OF CONGRESS CALL NUMBER
Classification number HQ 769
Item number .An54 2023
100 ## - MAIN ENTRY--PERSONAL NAME
Personal name Ang, Jamie Gutierrez
245 ## - TITLE STATEMENT
Title Ethics 101 : an exploration on the concept of right and wrong
Statement of responsibility, etc Jaime Gutierrez-Ang, editor
260 ## - PUBLICATION, DISTRIBUTION, ETC. (IMPRINT)
Place of publication, distribution, etc Manila
Name of publisher, distributor, etc Mindshapers Co., Inc.
Date of publication, distribution, etc c2020.
300 ## - PHYSICAL DESCRIPTION
Extent vi, 128 pages ;
Dimensions 26 cm.
500 ## - GENERAL NOTE
General note Conduct of life.
504 ## - BIBLIOGRAPHY, ETC. NOTE
Bibliography, etc Includes bibliographical references.
650 ## - SUBJECT ADDED ENTRY--TOPICAL TERM
Topical term or geographic name as entry element Conduct of life.
650 ## - SUBJECT ADDED ENTRY--TOPICAL TERM
Topical term or geographic name as entry element Ethics.
942 ## - ADDED ENTRY ELEMENTS (KOHA)
Source of classification or shelving scheme Library of Congress Classification
Koha item type Books
Holdings
Withdrawn status Lost status Source of classification or shelving scheme Damaged status Home library Current library Shelving location Date acquired Source of acquisition Sub Shelving location Total Checkouts Total Renewals Full call number Barcode Date last seen Date checked out Price effective from Koha item type
    Library of Congress Classification   College Library College Library Filipiniana Section 08/24/2023 Library Fund   1 2 HQ 769 .An54 2023 C22929 11/08/2023 10/23/2023 08/24/2023 Books

Ethics 101 : an exploration on the concept of right and wrong

APA

Ang J. G., . (2020). Ethics 101 : an exploration on the concept of right and wrong. Manila: Mindshapers Co., Inc.

Chicago

Ang Jamie Gutierrez, . 2020. Ethics 101 : an exploration on the concept of right and wrong. Manila: Mindshapers Co., Inc.

Harvard

Ang J. G., . (2020). Ethics 101 : an exploration on the concept of right and wrong. Manila: Mindshapers Co., Inc.

MLA

Ang Jamie Gutierrez, . Ethics 101 : an exploration on the concept of right and wrong. Manila: Mindshapers Co., Inc. 2020.

  • Place hold
  • Print
  • Cite
  • Add to your cart (remove)
  • Save record
    BIBTEX Dublin Core MARCXML MARC (non-Unicode/MARC-8) MARC (Unicode/UTF-8) MARC (Unicode/UTF-8, Standard) MODS (XML) RIS
  • More searches
    Search for this title in:
    Other Libraries (WorldCat) Other Databases (Google Scholar) Online Stores (Bookfinder.com) Open Library (openlibrary.org)

Exporting to Dublin Core...

SOUTHVILLE LIBRARY

Southville International School and Colleges Library

1281 Tropical Ave. Cor. Luxembourg St., BF Homes International, Las Pinas City

Tel. No. 8256374 / 252358 Loc. 117/146

Powered by Koha